• 首页
  • 本馆介绍
  • 公告通知
  • 最新文献
  • 馆藏检索
  • 电子资源
  • 读者导购
  • 参考咨询
  • 我的图书馆
  • 登录
  • 详细信息显示
  • 放入我的书架
  • 预约/预借图书
  • 作者相关作品
  • 分类相关作品
  • 丛书相关作品
  • 出版社相关作品

书目信息

  • 表格格式
  • 工作单格式
  • 卡片格式
题名:
复变函数与积分变换
    
 
作者: ;邢宇明 , 盖云英 , 包革军 编 ;哈尔滨工业大学数学系组 编
分册:  
出版信息: 北京   科学出版社  2013.03
页数: 343页
开本: 24cm
丛书名: 普通高等教育“十二五”规划教材
单 册:
中图分类: O174.5 , O177.6
科图分类:
主题词: 复变函数--高等学校--教材 , 积分变换--高等学校--教材
电子资源:
ISBN: 978-7-03-036913-0
000 01835nam0 2200385 450
001 3181
001 01CN08408371@CSLN
005 20161208110845.85
010    @a978-7-03-036913-0@dCNY35.00
100    @a20130424d2013 em y0chiy50 ea
101 0  @achi
102    @aCN@b110000
105    @ay z 000yy
200 1  @a复变函数与积分变换@9fu bian han shu yu ji fen bian huan@f哈尔滨工业大学数学系组编@g包革军,邢宇明,盖云英编
205    @a3版
210    @a北京@c科学出版社@d2013.03
215    @a343页@d24cm
225 2  @a普通高等教育“十二五”规划教材@9pu tong gao deng jiao yu shi er wu gui hua jiao cai
225 2  @a哈尔滨工业大学数学教学丛书@9ha er bin gong ye da xue shu xue jiao xue cong shu
225 2  @a复变函数与积分变换系列教材@9fu bian han shu yu ji fen bian huan xi lie jiao cai
330    @a本书是国家工科数学教学基地之一的哈尔滨工业大学数学系根据数学教学改革成果而编写的系列教材之一。经过五年的教学实践,在本书第一版的基础上进行了修订。注意了个章节的衔接,精简一些超出大纲的内容,增加一些例题和习题,并纠正了一些不妥之处。全书共8章:复数与复变函数、解析函数、复变函数的积分、级数、留数、保形映射、傅里叶变换、拉普拉斯变换。每章后配备了一定量的习题,并根据难易程度分为A,B两类。书中有*号的部分供读者选用。
333    @a本科生、工程技术人员
461  0 @12001 @a复变函数与积分变换系列教材
461  0 @12001 @a普通高等教育“十二五”规划教材
461  0 @12001 @a哈尔滨工业大学数学教学丛书
606 0  @a复变函数@x高等学校@j教材
606 0  @a积分变换@x高等学校@j教材
690    @aO174.5@v4
690    @aO177.6
702  0 @a邢宇明@9xing yu ming@4编
702  0 @a盖云英@9gai yun ying@4编
702  0 @a包革军@9bao ge jun@4编
711  0 @a哈尔滨工业大学数学系组@9ha er bin gong ye da xue shu xue xi zu@4编
801  0 @aCN@b大连网信软件有限公司图书馆·11@c20161208
905    @aZUCC@dO174.5@e213=3
    
    复变函数与积分变换/哈尔滨工业大学数学系组编/包革军,邢宇明,盖云英编.-3版.-北京:科学出版社,2013.03
    343页;24cm.-(普通高等教育“十二五”规划教材).-(哈尔滨工业大学数学教学丛书).-(复变函数与积分变换系列教材)
    使用对象:本科生、工程技术人员
    
    ISBN 978-7-03-036913-0:CNY35.00
    本书是国家工科数学教学基地之一的哈尔滨工业大学数学系根据数学教学改革成果而编写的系列教材之一。经过五年的教学实践,在本书第一版的基础上进行了修订。注意了个章节的衔接,精简一些超出大纲的内容,增加一些例题和习题,并纠正了一些不妥之处。全书共8章:复数与复变函数、解析函数、复变函数的积分、级数、留数、保形映射、傅里叶变换、拉普拉斯变换。每章后配备了一定量的习题,并根据难易程度分为A,B两类。书中有*号的部分供读者选用。
●
相关链接 在E读中查询图书 在五车中查询图书 在当当中查询图书 在豆瓣中查询图书


正题名:复变函数与积分变换     索取号:O174.5/213=3         预约/预借

序号 登录号 条形码 馆藏地/架位号 状态 备注
1 911903   209119032   第二样本阅览室/ [索取号:O174.5/213=3] 在馆    
2 911904   209119041   数信系资料室/ [索取号:O174.5/213=3] 在馆    
3 911905   209119050   第三借阅区/ [索取号:O174.5/213=3] 在馆    
唐山师范学院图书馆 欢迎您!
大连网信软件有限公司© 版权所有